Govt. of
Madhya Pradesh

The Mystic Way (Record no. 39256)

MARC details
000 -LEADER
fixed length control field 004540000a22001690004500
003 - CONTROL NUMBER IDENTIFIER
control field MACL
005 - DATE AND TIME OF LATEST TRANSACTION
control field 20151229123931.0
008 - FIXED-LENGTH DATA ELEMENTS--GENERAL INFORMATION
fixed length control field 151229b xxu||||| |||| 00| 0 eng d
040 ## - CATALOGING SOURCE
Original cataloging agency MACL
Transcribing agency MACL
041 ## - LANGUAGE CODE
Language code of text/sound track or separate title English
082 ## - DEWEY DECIMAL CLASSIFICATION NUMBER
Classification number 150/UND
100 ## - MAIN ENTRY--PERSONAL NAME
Personal name Underhill, Evelyn
9 (RLIN) 23705
245 ## - TITLE STATEMENT
Title The Mystic Way
Remainder of title A Psychological Study in Christian Origins
260 ## - PUBLICATION, DISTRIBUTION, ETC. (IMPRINT)
Name of publisher, distributor, etc. J M Dent & Sons LTD
Date of publication, distribution, etc. 1913
650 ## - SUBJECT ADDED ENTRY--TOPICAL TERM
Topical term or geographic name as entry element Psychology
9 (RLIN) 23706
942 ## - ADDED ENTRY ELEMENTS (KOHA)
Koha item type Books
Call number prefix 150/UND
Source of classification or shelving scheme
Holdings
Withdrawn status Lost status Source of classification or shelving scheme Damaged status Not for loan Home library Current library Date acquired Total Checkouts Full call number Barcode Date last seen Uniform Resource Identifier Price effective from Koha item type
          MACL MACL 15/04/2015   150/UND CLE010167 29/04/2015 39481 15/04/2015 Books